000
00265nam a22001217a 4500
041
_a
ENG
100
_a
Mani.A
245
_a
Solar Radiation Over India
260
_a
New Delhi
_b
Allied Pub lishers
_c
1982
300
_a
645
650
_a
EOES
856
_u
EOES ( 12 )
999
_c
1240
_d
1240